| 000 | 00515nam a22001817a 4500 | ||
|---|---|---|---|
| 003 | CEME | ||
| 005 | 20210628202318.0 | ||
| 008 | 210121b xxu||||| |||| 00| 0 eng d | ||
| 020 | _a0-9729794-0-9 | ||
| 040 | _c. | ||
| 082 | _a158.4 MAY | ||
| 100 |
_aMay, Matthew _959290 |
||
| 245 | _aAbsolute impact the drive for personal leadership | ||
| 260 |
_aNEW YORK _bPELOTON PUBLISHING _c2003 |
||
| 300 | _aXIV,273 P | ||
| 650 |
_aLEADERSHIP, SUCCESS PSYCHOLOGICAL ASPECTS, CONDUCT OF LIFE _959291 |
||
| 942 |
_cBK _2ddc |
||
| 999 |
_c569306 _d569306 |
||